| 000 | 01613cam a2200361 a 4500 | ||
|---|---|---|---|
| 999 |
_c328641 _d328641 |
||
| 001 | 14204190 | ||
| 003 | Nust | ||
| 005 | 20170412162910.0 | ||
| 008 | 051219s2006 nyu d 000 1 eng | ||
| 010 | _a 2005035741 | ||
| 020 | _a9780747596974 | ||
| 020 | _a9780316011822 | ||
| 035 | _a(OCoLC)ocm62732588 | ||
| 035 | _a(OCoLC)62732588 | ||
| 040 |
_aDLC _cDLC _dIG# _dBAKER _dWIQ _dBTCTA _dDLC |
||
| 042 |
_alcac _alcac |
||
| 043 | _an-us-ny | ||
| 050 | 0 | 0 |
_aPZ7.V94 _bOnl 2006 |
| 082 | 0 | 0 |
_a813.6 _bZIE |
| 100 | 1 | _aVon Ziegesar, Cecily. | |
| 245 | 1 | 0 |
_aOnly in your dreams : _ba Gossip Girl novel / _ccreated by Cecily von Ziegesar. |
| 250 | _a1st ed. | ||
| 260 |
_aNew York : _bLittle, Brown, _c2006. |
||
| 300 |
_a229 p. ; _c21 cm. |
||
| 520 | _aFollows of the lives of Blair, Serena, and their wealthy Manhattan friends during the summer following high school graduation. | ||
| 521 | 1 | _a015 up. | |
| 650 | 1 |
_aInterpersonal relations _vFiction. |
|
| 650 | 1 |
_aWealth _vFiction. |
|
| 651 | 1 |
_aNew York (N.Y.) _vFiction. |
|
| 856 | 4 | 2 |
_3Contributor biographical information _uhttp://www.loc.gov/catdir/enhancements/fy0742/2005035741-b.html |
| 856 | 4 | 2 |
_3Publisher description _uhttp://www.loc.gov/catdir/enhancements/fy1115/2005035741-d.html |
| 906 |
_a7 _bcbc _corignew _d1 _eecip _f20 _gy-gencatlg |
||
| 942 |
_2ddc _cBK |
||